| 000 | 02116nam0a2200409 4500 | ||
|---|---|---|---|
| 001 | RU\NLR\bibl\1121297 | ||
| 005 | 20260405135258.0 | ||
| 010 |
_a5-89016-282-9 _9500 |
||
| 021 |
_aRU _b2007-47639 _92531 |
||
| 035 | _a(nilc)RSL-KNO-003147256 | ||
| 035 | _a(NLR Aleph) 001108268 | ||
| 090 |
_a1221712 _c1221712 |
||
| 100 | _a20070723d2005 |||y0rusy50 ca | ||
| 101 | 0 |
_arus _deng _eeng |
|
| 102 | _aRU | ||
| 105 | _aa ||||||||| | ||
| 200 | 1 |
_aНациональное богатство в России: как управлять эффективно? _dNational wealth in Russia: how to manage effectively? _eмонография _fТ.Г. Осадчая, Е.Э. Смолина _gФедер. агентство по образованию, Тамб. гос. ун-т им. Г.Р. Державина _zeng |
|
| 210 |
_aМосква _cИзд-во ТГУ _d2005 |
||
| 215 |
_a247 с. _cил. _d20 |
||
| 300 | _aАвт. также на англ. яз.: T.G. Osadchaya, E.E. Smolina | ||
| 300 | _aРез. на англ. яз. | ||
| 320 | _aБиблиогр.: с. 243-247 (58 назв.) и в подстроч. прим. | ||
| 510 | 1 |
_6z11790 _aNational wealth in Russia: how to manage effectively? |
|
| 606 | 1 |
_aНациональное богатство _yРоссийская Федерация _92271835 _3RU\NLR\auth\661361623 |
|
| 610 | 0 | _aЭкономика -- Российская Федерация -- Национальное богатство | |
| 686 |
_aУ9(2)0-95,0 _2rubbk |
||
| 686 | _aУ9(2)-95(2Р) | ||
| 700 | 1 |
_4070 _8rus _7ca _aОсадчая _bТ. Г. _gТатьяна Геннадьевна _3RU\NLR\auth\7755707 _938639 |
|
| 701 | 1 |
_4070 _8rus _7ca _aСмолина _bЕ. Э. _f1976- _gЕлена Эдуардовна _3RU\NLR\auth\7728774 _911805 |
|
| 790 | 1 |
_4070 _8rus _7ca _aOsadčaja _bT. G. _gTat'jana Gennad'evna _3RU\NLR\auth\7755710 _938642 |
|
| 790 | 1 |
_4070 _8rus _7ba _aSmolina _bE.É _f1976- _gElena Éduardovna _3RU\NLR\auth\7728779 _911810 |
|
| 801 | 0 |
_aRU _bРКП _c20070723 |
|
| 801 | 1 |
_aRU _bРГБ _c20070723 |
|
| 801 | 2 |
_aRU _bNLR _c20070829 _grcr |
|
| 942 | _cBOOK | ||
| 980 | _aNB | ||